000 00867nam0a22002531 4500
001 rc\899517
005 20250622034213.0
035 _a(NLR Aleph) 006075353
090 _a5041886
_c5041886
100 _a20041129d1983 |||y0rusy50 ca
101 0 _arus
102 _aRU
105 _aa |||||||||
200 1 _aПротонные поляриметры при высоких энергиях
_fА.Н. Васильев, Ю.А. Матуленко, С.Б. Нурушев и др.
210 _aСерпухов
_cИФВЭ
_d1983
215 _a9 с.
_cил.
_d24
225 1 _aИнститут физики высоких энергий
_vИФВЭ ОЭФ 83-129
320 _aБиблиогр.: с. 9 (12 назв.)
701 1 _aВасильев
_bА.Н.
801 0 _aRU
_bNLR
_gpsbo
801 1 _aRU
_bELAR
_2rusmarc
852 _aNLR
_j84-7/292
942 _cBOOK
980 _aNB